Genetic code origins (Registro nro. 12665)

Detalles MARC
000 -CABECERA
Campo de control 005980000a22001930004500
090 ## - CLASIFICACIÓN LOCAL
Colección AR
Consecutivo 03617
041 0# - IDIOMA
Código de idioma para texto/pista de sonido o título separado
100 1# - ASIENTO PRINCIPAL--NOMBRE PERSONAL
Nombre personal Ribas de Pouplana, Lluis
245 10 - MENCION DE TITULO
Título Genetic code origins
Version tRNAs older than their synthetases?
650 14 - ASIENTO SECUNDARIO DE MATERIA - TERMINO TEMATICO
Término temático o nombre geográfico como elemento de entrada Filogenética
650 14 - ASIENTO SECUNDARIO DE MATERIA - TERMINO TEMATICO
Término temático o nombre geográfico como elemento de entrada Evolución
650 14 - ASIENTO SECUNDARIO DE MATERIA - TERMINO TEMATICO
Término temático o nombre geográfico como elemento de entrada Análisis genético
650 14 - ASIENTO SECUNDARIO DE MATERIA - TERMINO TEMATICO
Término temático o nombre geográfico como elemento de entrada Biología molecular
700 1# - ASIENTO SECUNDARIO - NOMBRE PERSONAL
Nombre personal Turner, Robert J.
700 1# - ASIENTO SECUNDARIO - NOMBRE PERSONAL
Nombre personal Steer , Brian A.
700 1# - ASIENTO SECUNDARIO - NOMBRE PERSONAL
Nombre personal Shimmel, Paul
773 1# - Item fuente:
Título Proceedings Natl. Acad. Sci. USA
Paginas del Articulo 11295-11300
Lugar, editorial y fecha de publicación 1998
Información sobre la relación 95
942 ## - ELEMENTOS ADICIONALES (KOHA)
Tipo de ítem Artículo
Existencias
Withdrawn status Lost status Damaged status No para préstamo Colección Ubicación Permanente Ubicación actual Fecha de adquisición Fuente de Valor Datos de publicación Seriada Total Checkouts Número topográfico Inventario / Código de Barras Date last seen Price effective from Forma de adquisición Tipo de material
      No para Préstamo Hemeroteca Bogotá Bogotá 27/02/2015 Ospina, Fabiola Fuera de circulación   AR 03617 017174 25/03/2015 25/03/2015   Artículo